Bibliografía numismática española (Record no. 162881)

MARC details
000 -LEADER
campo de control de longitud fija 01451nam a2200229 i 4500
001 - NÚMERO DE CONTROL
campo de control 162881
003 - IDENTIFICADOR DE NÚMERO DE CONTROL
campo de control ES-MaACL
005 - FECHA Y HORA DE LA ÚLTIMA TRANSACCIÓN
campo de control 20230906212624.0
008 - DATOS DE LONGITUD FIJA--INFORMACIÓN GENERAL
campo de control de longitud fija 940301s1886 sp b |||| | spa d
100 1# - ENTRADA PRINCIPAL--NOMBRE DE PERSONA
Nombre de persona Rada y Delgado, Juan de Dios de la.
9 (RLIN) 94904
245 10 - MENCIÓN DEL TÍTULO
Título Bibliografía numismática española
Resto del título o Noticia de las obras y trabajos impresos y manuscritos sobre los diferentes ramos que abraza la numismática, debidos a autores españoles o a extranjeros que los publicaron en español, y documentos para la historia monetaria de España : con dos apéndices, que comprenden, el primero, la bibliografía numismática portuguesa y el segundo, la de autores extranjeros que en sus respectivos idiomas escribieron acerca de monedas o medallas de España /
Mención de responsabilidad, etc. por D. Juan de Dios de la Rada y Delgado.
246 3# - FORMA VARIANTE DEL TITULO
Título propio/Titulo breve Noticia de las obras y trabajos impresos y manuscritos sobre los diferentes ramos que abraza la numismática
260 ## - PUBLICACIÓN, DISTRIBUCIÓN, ETC.
Lugar de publicación, distribución, etc. Madrid :
Nombre del editor, distribuidor, etc. [s.n.],
Fecha de publicación, distribución, etc. 1886 (
Fabricante Imp. y Fundición de Manuel Tello)
300 ## - DESCRIPCIÓN FÍSICA
Extensión XIII, 632 p. ;
Dimensiones 27 cm.
530 ## - NOTA DISPONIBLE DE FORMULARIO FÍSICO ADICIONAL
Nota de formato físico adicional disponible Disponible en formato digital.
586 ## - NOTA DE PREMIOS
Nota de premios Obra premiada por la Biblioteca Nacional en Concurso público, 1886
597 ## - NOTA DE DESCRIPCIÓN FÍSICA
NOTA DE DESCRIPCIÓN FÍSICA Texto a dos col.
597 ## - NOTA DE DESCRIPCIÓN FÍSICA
NOTA DE DESCRIPCIÓN FÍSICA Port. con esc. xil.
650 #4 - PUNTO DE ACCESO ADICIONAL DE MATERIA--TÉRMINO DE MATERIA
Término de materia o nombre geográfico como elemento de entrada Numismática-
Subdivisión geográfica España-
Subdivisión de forma Bibliografías.
9 (RLIN) 165857
852 ## - LOCALIZACIÓN
Ubicación ES-MaACL
Número de control de estantería B-2959
Nota libre - Enc. pasta
856 ## - LOCALIZACIÓN Y ACCESO ELECTRÓNICOS
Identificador Uniforme de Recursos <a href="http://bdh-rd.bne.es/viewer.vm?id=0000247358&page=1 ">http://bdh-rd.bne.es/viewer.vm?id=0000247358&page=1 </a>
Nota pública Biblioteca Digital Hispánica
Holdings
Estatus retirado Estado de pérdida Estado de daño No para préstamo Colección Biblioteca de origen Biblioteca actual Ubicación en estantería Fecha de adquisición Fuente de adquisición Total de préstamos Signatura topográfica completa Código de barras Visto por última vez Precio de reemplazo Tipo de ítem Koha
        Colección digital Biblioteca del Ateneo de Madrid Biblioteca del Ateneo de Madrid Sala Pardo Bazán 17/01/2008     B-2959 1170661 23/02/2023 23/02/2023 Libro impreso antiguo